|
|
|
|
| LEADER |
00000nam a22000005a 4500 |
| 001 |
vtls010643277 |
| 003 |
SK-MaSNL |
| 005 |
20260302083726.0 |
| 008 |
251112s1837 xr 000 0 cze |
| 020 |
|
|
|q (brož.)
|
| 035 |
|
|
|a 758E04F6-0AD9-4568-990F-0C01B80DB4D8
|
| 035 |
|
|
|a urn:nbn:sk:snk-amlonl
|
| 035 |
|
|
|a urn:nbn:sk:snk-am00bxp4
|
| 040 |
|
|
|a SNK
|b slo
|c SNK
|e AACR2
|
| 041 |
0 |
|
|a cze
|
| 044 |
|
|
|a xr
|c CZ
|
| 080 |
|
|
|a -032
|2 2003
|
| 080 |
|
|
|a 548/549
|2 2003
|
| 100 |
1 |
|
|a Presl, Jan Svatopluk,
|d 1791-1849
|4 aut
|9 134763
|
| 245 |
1 |
0 |
|a Nerostopis, čili, Mineralogia
|b Rukowět Saustawná K Poučenj Wlastnjmu
|n Swazek třetj S 10 Obrazy
|c Wydal Jan Swatopluk Presl,Doktor W Lékařstwj, C. K. Professor Přjrodopisu, Ďeditel C. K. Přjrodowny, Aud Několika Učených Společnostj
|
| 246 |
3 |
0 |
|a Mineralogia
|
| 260 |
|
|
|a W Praze
|b W knihokupectwj Kronbergera a Webera
|c 1837
|
| 300 |
|
|
|a 321-480 s.
|b tab.
|c 23 cm
|
| 500 |
|
|
|a Obálkový titulný list
|
| 500 |
|
|
|a Drevorezový rám na obálkovom titulnom liste
|
| 500 |
|
|
|a V texte nie sú ilustrácie
|
| 500 |
|
|
|a Obsahuje popis zloženia nerastov
|
| 500 |
|
|
|a Údaj o tlačiarovi zo zadnej strany obalu knihy
|
| 546 |
|
|
|a Čeština
|b Antikva
|
| 561 |
|
|
|a Okrúhla pečiatka: Dar Martina Hamuliaka Matici slovenskej.
|5 SNK IC 1936/3
|
| 561 |
|
|
|a Okrúhla pečiatka: Nyitrvármegyei Muzeum 1900.
|5 SNK IC 1936/3
|
| 650 |
0 |
7 |
|a nerasty
|2 SNKPH
|9 844
|
| 650 |
0 |
7 |
|a minerály
|2 SNKPH
|9 843
|
| 655 |
|
7 |
|a príručky
|2 SNKPH
|9 74364
|
| 700 |
1 |
|
|a Hamuljak, Martin,
|d 1789-1859
|4 fmo
|9 79936
|
| 700 |
1 |
|
|a Spurný, Jan Swatopluk
|4 prt
|9 752081
|
| 710 |
2 |
|
|a Kníhkupectvo Kronberger a Weber (Praha, Česko)
|4 bsl
|9 490635
|
| 752 |
|
|
|a Česko
|d Praha
|
| 852 |
|
|
|a snk
|b Historické fondy
|p IC 1936/3
|
| 958 |
|
|
|a ONDV
|
| 999 |
|
|
|c 1184971
|d 1186901
|
| 952 |
|
|
|t Ham 342
|a SNK
|b SNK
|c SNK_HF
|y PREZ
|7 0
|p 17A1133662
|o snkIC 1936/3
|i snkKIF 1014/82
|8 5
|0 0
|1 0
|4 0
|d 2014-12-15
|f 1
|l 0
|r 2026-02-24 21:52:40
|w 2026-02-24
|